|
|
|
|
| LEADER |
00965cam a2200277 7i4500 |
| 001 |
0000030428 |
| 005 |
20220119090000.0 |
| 020 |
0 |
0 |
|a 9789834368661
|
| 090 |
0 |
0 |
|a B 382.6
|b TEO
|
| 100 |
1 |
0 |
|a Teoh
|
| 245 |
1 |
0 |
|a Exporting and international trade.
|
| 250 |
0 |
0 |
|a 2nd ed..
|
| 260 |
0 |
0 |
|a Kuala lumpur:
|b Cyclair,
|c 2013.
|
| 300 |
# |
# |
|a 231 p.
|
| 650 |
0 |
0 |
|a Business
|
| 650 |
0 |
0 |
|a Export
|
| 650 |
0 |
0 |
|a International trade
|
| 650 |
0 |
0 |
|a Investment, Foreign
|
| 999 |
|
|
|a JHR000374B
|b Book
|c Book
|e MATRADE Southern Regional Office
|
| 999 |
|
|
|a 0000033528
|b Book
|c Book
|e Business Information Centre
|
| 999 |
|
|
|a 0000038701
|b Book
|c Book
|e Business Information Centre
|
| 999 |
|
|
|a B000033532
|b Book
|c Book
|e Business Information Centre
|
| 999 |
|
|
|a PNG001083B
|b Book
|c Book
|e MATRADE Northern Regional Office
|
| 999 |
|
|
|a SBH001051B
|b Book
|c Book
|e MATRADE Sabah
|
| 999 |
|
|
|a SRW000478B
|b Book
|c Book
|e MATRADE Sarawak
|
| 999 |
|
|
|a TRG000362B
|b Book
|c Book
|e MATRADE Eastern Regional Office
|